Nacimiento al alba / (Record no. 16338)

MARC details
000 -LEADER
campo de control de longitud fija 00672nam a2200229 i 4500
001 - NÚMERO DE CONTROL
campo de control 16338
003 - IDENTIFICADOR DE NÚMERO DE CONTROL
campo de control ES-MaACL
005 - FECHA Y HORA DE LA ÚLTIMA TRANSACCIÓN
campo de control 20230906151311.0
007 - CAMPO FIJO DE DESCRIPCIÓN FÍSICA--INFORMACIÓN GENERAL
campo de control de longitud fija t|
008 - DATOS DE LONGITUD FIJA--INFORMACIÓN GENERAL
campo de control de longitud fija 000830s1994 sp ||||1| spa d
020 ## - NÚMERO INTERNACIONAL ESTÁNDAR DEL LIBRO
Número Internacional Estándar del Libro 84-7979-162-4
080 ## - NÚMERO DE LA CLASIFICACIÓN DECIMAL UNIVERSAL
Número de la Clasificación Decimal Universal 821.133.1(64)-31"19"
100 1# - ENTRADA PRINCIPAL--NOMBRE DE PERSONA
Nombre de persona Chraibi, Driss.
9 (RLIN) 38639
245 10 - MENCIÓN DEL TÍTULO
Título Nacimiento al alba /
Mención de responsabilidad, etc. Driss Chraibi ; traducido del francés por Mauricio Wácquez.
260 ## - PUBLICACIÓN, DISTRIBUCIÓN, ETC.
Lugar de publicación, distribución, etc. Madrid :
Nombre del editor, distribuidor, etc. Anaya :
-- Mario Muchnik,
Fecha de publicación, distribución, etc. [1994]
300 ## - DESCRIPCIÓN FÍSICA
Extensión 162 p. ;
Dimensiones 22 cm.
490 1# - MENCIÓN DE SERIE
Mención de serie Analectas
700 1# - ENTRADA AGREGADA--NOMBRE PERSONAL
Nombre de persona Wacquez, Mauricio.
9 (RLIN) 115802
830 0# - PUNTO DE ACCESO ADICIONAL DE SERIE-TÍTULO UNIFORME
Título uniforme Analectas
9 (RLIN) 179396
852 ## - LOCALIZACIÓN
Ubicación ES-MaACL
Número de control de estantería L-23498
Sublocalización o colección R.128601
Holdings
Estatus retirado Estado de pérdida Estado de daño No para préstamo Biblioteca de origen Biblioteca actual Ubicación en estantería Fecha de adquisición Fuente de adquisición Total de préstamos Signatura topográfica completa Código de barras Visto por última vez Precio de reemplazo Tipo de ítem Koha
        Biblioteca del Ateneo de Madrid Biblioteca del Ateneo de Madrid Depósito 2 17/01/2008     L-23498 1016600 23/02/2023 23/02/2023 Libro impreso